[Event "IRQ-ch op 2nd"]
[Site "Baghdad"]
[Date "2013.03.09"]
[Round "5"]
[White "Didar, Mohammed Zhaher"]
[Black "Malkawi, Fadi"]
[Result "1/2-1/2"]
[WhiteElo "2236"]
[BlackElo "2016"]
[PlyCount "38"]
[EventDate "2013.03.06"]
[EventType "swiss"]
[EventRounds "9"]
[EventCountry "IRQ"]
[SourceTitle "CBM 153 Extra"]
[Source "ChessBase"]
[SourceDate "2013.04.22"]
[SourceVersion "1"]
[SourceVersionDate "2013.04.22"]
[SourceQuality "1"]

1. d4 d5 2. c4 c6 3. Nf3 Nf6 4. Nc3 e6 5. Bg5 Nbd7 6. e3 Be7 7. Bd3 0-0 8. Qc2 h6 9. Bf4 dxc4 10. Bxc4 b5 11. Bd3 Bb7 12. 0-0 a6 13. a4 b4 14. Ne4 Nxe4 15. Bxe4 Rc8 16. Nd2 Nf6 17. Bf3 Nd5 18. Bg3 c5 19. dxc5 Bxc5 1/2-1/2

[Event "IRQ-ch op 2nd"]
[Site "Baghdad"]
[Date "2013.03.07"]
[Round "3"]
[White "Al Saadi, Jumaa A Gatea"]
[Black "Malkawi, Fadi"]
[Result "1/2-1/2"]
[WhiteElo "2173"]
[BlackElo "2016"]
[PlyCount "48"]
[EventDate "2013.03.06"]
[EventType "swiss"]
[EventRounds "9"]
[EventCountry "IRQ"]
[SourceTitle "CBM 153 Extra"]
[Source "ChessBase"]
[SourceDate "2013.04.22"]
[SourceVersion "1"]
[SourceVersionDate "2013.04.22"]
[SourceQuality "1"]

1. d4 d5 2. Bf4 Nf6 3. e3 e6 4. c3 Bd6 5. Nf3 0-0 6. Nbd2 Bxf4 7. exf4 c5 8. dxc5 Qc7 9. g3 Qxc5 10. Bd3 b6 11. Qe2 a5 12. a4 Ba6 13. 0-0 Bxd3 14. Qxd3 Nc6 15. Nb3 Qe7 16. Nfd4 Nxd4 17. Qxd4 Rfc8 18. Rfe1 Qc7 19. Qe3 Ne4 20. f3 Nd6 21. Qe5 Nc4 22. Qe2 Nd6 23. Qe5 Nc4 24. Qe2 Nd6 1/2-1/2

[Event "Poti Aleksandria Cup 7th"]
[Site "Poti"]
[Date "2012.07.16"]
[Round "4"]
[White "Iskandarov, Misratdin"]
[Black "Malkawi, Fadi"]
[Result "1-0"]
[WhiteElo "2384"]
[BlackElo "2011"]
[PlyCount "73"]
[EventDate "2012.07.14"]
[EventType "swiss"]
[EventRounds "9"]
[EventCountry "GEO"]
[SourceTitle "CBM 149 Extra"]
[Source "ChessBase"]
[SourceDate "2012.08.24"]
[SourceVersion "1"]
[SourceVersionDate "2012.08.24"]
[SourceQuality "1"]

1. e4 c5 2. b3 e5 3. Be2 Nc6 4. Bc4 Nf6 5. Nf3 Bd6 6. Nc3 0-0 7. 0-0 a6 8. a4 Be7 9. Nd5 d6 10. d3 Nxd5 11. Bxd5 Bd7 12. Nd2 Rb8 13. f4 exf4 14. Bxc6 bxc6 15. Rxf4 Bg5 16. Rf1 d5 17. Qe1 Bxd2 18. Qxd2 dxe4 19. dxe4 Qe7 20. Qd3 Rb4 21. Qc3 Rd4 22. Ba3 Rxe4 23. Bxc5 Qg5 24. Bxf8 Kxf8 25. Rae1 Rg4 26. Rf2 f6 27. Qd3 Qd5 28. Qxa6 Rd4 29. Qe2 Qc5 30. Qe3 Qd6 31. a5 c5 32. a6 Bc6 33. a7 Re4 34. Qxe4 Bxe4 35. Rxe4 Qd1+ 36. Rf1 Qd5 37. Rfe1 1-0

[Event "Poti Aleksandria Cup 7th"]
[Site "Poti"]
[Date "2012.07.15"]
[Round "2"]
[White "Malkawi, Fadi"]
[Black "Beradze, Irakli"]
[Result "0-1"]
[WhiteElo "2011"]
[BlackElo "2327"]
[PlyCount "76"]
[EventDate "2012.07.14"]
[EventType "swiss"]
[EventRounds "9"]
[EventCountry "GEO"]
[SourceTitle "CBM 149 Extra"]
[Source "ChessBase"]
[SourceDate "2012.08.24"]
[SourceVersion "1"]
[SourceVersionDate "2012.08.24"]
[SourceQuality "1"]

1. e4 c5 2. Nf3 d6 3. d4 cxd4 4. Nxd4 Nf6 5. Nc3 g6 6. Be2 Bg7 7. Be3 Bd7 8. Qd2 Nc6 9. f3 0-0 10. 0-0-0 Rc8 11. h4 h5 12. Nb3 a6 13. Bh6 Bh8 14. Bxf8 Qxf8 15. g4 Qg7 16. gxh5 Nxh5 17. Rdg1 Nb4 18. Kb1 Nf4 19. Qxf4 Rxc3 20. e5 Rxc2 21. Qxb4 Rxe2 22. Re1 Qxe5 23. Rxe2 Qxe2 24. Nd4 Qf2 25. Nc2 Qxf3 26. Re1 Bf5 27. Qd2 Bf6 28. Ka1 Bxh4 29. Rh1 Bf6 30. Nd4 Qd5 31. Nb3 Qe4 32. Re1 Qh4 33. Qe2 Be6 34. Rc1 a5 35. Qg2 a4 36. Rh1 Qb4 37. Nc1 a3 38. Nd3 Qc4 0-1

[Event "Golden Sands Europe op 1st"]
[Site "Golden Sands"]
[Date "2012.06.04"]
[Round "1"]
[White "Malkawi, Fadi"]
[Black "Rathnakaran, Kantholi"]
[Result "0-1"]
[WhiteElo "2020"]
[BlackElo "2441"]
[PlyCount "39"]
[EventDate "2012.06.04"]
[EventType "swiss"]
[EventRounds "9"]
[EventCountry "BUL"]
[SourceTitle "CBM 148 Extra"]
[Source "ChessBase"]
[SourceDate "2012.06.22"]
[SourceVersion "1"]
[SourceVersionDate "2012.06.22"]
[SourceQuality "1"]

1. e4 e6 2. d4 d5 3. exd5 exd5 4. Nf3 Bd6 5. Bd3 Nc6 6. 0-0 Bg4 7. c3 Nge7 8. Nbd2 Qd7 9. Re1 f6 10. a4 0-0-0 11. a5 a6 12. b4 Na7 13. Qa4 Ng6 14. Qxd7+ Bxd7 15. Nb3 Rde8 16. Be3 Nf4 17. Bf1 Bb5 18. Nc5 Bxf1 19. Kxf1 Nb5 20. Bd2 0-1

[Event "Albena op 19th"]
[Site "Albena"]
[Date "2011.06.26"]
[Round "2"]
[White "Sanduleac, Vasile"]
[Black "Malkawi, Fadi"]
[Result "1-0"]
[WhiteElo "2424"]
[BlackElo "2090"]
[PlyCount "83"]
[EventDate "2011.06.25"]
[EventType "swiss"]
[EventRounds "9"]
[EventCountry "BUL"]
[SourceTitle "CBM 143 Extra"]
[Source "ChessBase"]
[SourceDate "2011.08.29"]
[SourceVersion "1"]
[SourceVersionDate "2011.08.29"]
[SourceQuality "1"]

1. e4 c5 2. Nf3 g6 3. d4 cxd4 4. Qxd4 Nf6 5. Bb5 Nc6 6. Bxc6 dxc6 7. Qxd8+ Kxd8 8. Nc3 Bg7 9. e5 Nd5 10. Nxd5 cxd5 11. Bf4 e6 12. Bg5+ Ke8 13. Bf6 Bxf6 14. exf6 Bd7 15. Ne5 Rc8 16. 0-0-0 Bb5 17. Rd4 h5 18. h4 Rc7 19. Kd2 Kd8 20. Ke3 Kc8 21. c3 Kb8 22. f3 a5 23. Rhd1 Rhc8 24. Kf4 Bc4 25. Kg5 Bb5 26. Re1 Be8 27. g4 hxg4 28. fxg4 b5 29. a3 Rb7 30. h5 gxh5 31. gxh5 b4 32. axb4 axb4 33. Rxb4 Rxb4 34. cxb4 Rc2 35. h6 Rh2 36. Ng4 Rh3 37. Re2 Bb5 38. Rh2 Rxh2 39. Nxh2 Bd3 40. Nf3 Bh7 41. Kf4 Kc7 42. Ng5 1-0

[Event "Asia-chT 16th"]
[Site "Guangzhou"]
[Date "2010.11.18"]
[Round "1"]
[White "Nguyen, Huynh Minh Huy"]
[Black "Malkawi, Fadi"]
[Result "1-0"]
[WhiteElo "2459"]
[BlackElo "2089"]
[PlyCount "75"]
[EventDate "2010.11.18"]
[EventType "team-swiss"]
[EventRounds "9"]
[EventCountry "CHN"]
[SourceTitle "CBM 139 Extra"]
[Source "ChessBase"]
[SourceDate "2011.01.05"]
[SourceVersion "1"]
[SourceVersionDate "2011.01.05"]
[SourceQuality "1"]
[WhiteTeam "Vietnam"]
[BlackTeam "Jordan"]
[WhiteTeamCountry "VIE"]
[BlackTeamCountry "JOR"]

1. d4 Nf6 2. c4 d6 3. Nf3 g6 4. g3 Bg7 5. Bg2 0-0 6. 0-0 Nbd7 7. Nc3 e5 8. e4 Re8 9. Re1 exd4 10. Nxd4 Ne5 11. b3 Nc6 12. Nxc6 bxc6 13. Bb2 Bb7 14. Na4 Nd7 15. Bxg7 Kxg7 16. c5 Qf6 17. Qd2 Nxc5 18. Nxc5 dxc5 19. Qa5 Qe5 20. Rac1 c4 21. Qxe5+ Rxe5 22. Rxc4 Ra5 23. Rc2 Re8 24. Rd1 c5 25. f3 Re7 26. Kf2 Ra3 27. Rdd2 Ra5 28. Rd3 Bc8 29. Rdc3 Rd7 30. Bh3 f5 31. exf5 Rd8 32. Rxc5 Rxc5 33. Rxc5 gxf5 34. Rxc7+ Kg6 35. Bf1 a5 36. Rc5 Bb7 37. Rxa5 Rd2+ 38. Be2 1-0

[Event "Olympiad-39"]
[Site "Khanty-Mansiysk"]
[Date "2010.09.29"]
[Round "8.4"]
[White "Malkawi, Fadi"]
[Black "Mazurkiewicz, Marcin"]
[Result "0-1"]
[WhiteElo "2080"]
[BlackElo "2000"]
[PlyCount "88"]
[EventDate "2010.09.21"]
[EventType "team-swiss"]
[EventRounds "11"]
[EventCountry "RUS"]
[SourceTitle "CBM 139"]
[Source "ChessBase"]
[SourceDate "2010.11.18"]
[SourceVersion "1"]
[SourceVersionDate "2010.11.18"]
[SourceQuality "1"]
[WhiteTeam "Jordan"]
[BlackTeam "Jersey"]
[WhiteTeamCountry "JOR"]
[BlackTeamCountry "JCI"]

1. e4 c5 2. Nf3 Nc6 3. d4 cxd4 4. Nxd4 e5 5. Nb5 a6 6. Nd6+ Bxd6 7. Qxd6 Qf6 8. Qd1 Qg6 9. Nc3 Nf6 10. f3 d5 11. Nxd5 Nxd5 12. Qxd5 Be6 13. Qc5 Nd4 14. Be3 Rc8 15. Bxd4 Rxc5 16. Bxc5 f6 17. 0-0-0 Kf7 18. Rd6 Rc8 19. b4 Rc7 20. Rd8 Qg5+ 21. Kb2 g6 22. g4 f5 23. gxf5 Qxd8 24. fxe6+ Kxe6 25. Bc4+ Kf6 26. Bb6 Qd6 27. Bxc7 Qxc7 28. Kb3 Qd7 29. h4 Qd2 30. h5 Qg2 31. Rf1 gxh5 32. f4 Qg3+ 33. c3 exf4 34. Rd1 f3 35. Rd5 h4 36. Rf5+ Kg6 37. Bf7+ Kg7 38. e5 Qg4 39. Be6 Qe4 40. a4 Kg6 41. Rf6+ Kg5 42. Bc4 h3 43. Rd6 Qb1+ 44. Ka3 h2 0-1

[Event "Edirne op"]
[Site "Edirne"]
[Date "2010.07.??"]
[Round "9"]
[White "Malkawi, Fadi"]
[Black "Rahmanov, Shahriyar Teymur Og"]
[Result "1/2-1/2"]
[WhiteElo "2089"]
[BlackElo "2245"]
[PlyCount "77"]
[EventDate "2010.07.??"]
[EventType "swiss"]
[EventRounds "9"]
[EventCountry "TUR"]
[SourceTitle "EXT 2011"]
[Source "ChessBase"]
[SourceDate "2010.11.26"]
[SourceVersion "1"]
[SourceVersionDate "2010.11.26"]
[SourceQuality "1"]

1. e4 c5 2. Nf3 d6 3. d4 cxd4 4. Nxd4 Nf6 5. Nc3 Nc6 6. Be2 g6 7. Be3 Bg7 8. Qd2 0-0 9. h4 h5 10. 0-0-0 Nxd4 11. Bxd4 Qa5 12. Kb1 Be6 13. f3 Rfc8 14. a3 Nd7 15. Nd5 Qd8 16. g4 Bxd5 17. exd5 Bxd4 18. Qxd4 Qb6 19. Qd2 Nf6 20. gxh5 Nxh5 21. Rdg1 Qf2 22. Rf1 Qg2 23. Rfg1 Qf2 24. Qg5 Qxe2 25. Qxh5 Qxc2+ 26. Ka1 Qd1+ 27. Ka2 Qd4 28. Qh6 Qh8 29. Qd2 Kf8 30. h5 gxh5 31. Rg5 Ke8 32. Rhxh5 Qf6 33. Rf5 Qg7 34. Rhg5 Qh8 35. Rh5 Qg7 36. Rhg5 Qh7 37. Rh5 Qg7 38. Rhg5 Rc2 39. Qb4 1/2-1/2

[Event "JOR-ch"]
[Site "Amman"]
[Date "2009.05.08"]
[Round "8"]
[White "Malkawi, Fadi"]
[Black "Rimawi, BT."]
[Result "1/2-1/2"]
[WhiteElo "2105"]
[BlackElo "2240"]
[PlyCount "69"]
[EventDate "2009.04.09"]
[EventType "swiss"]
[EventRounds "9"]
[EventCountry "JOR"]
[SourceTitle "CBM 130 Extra"]
[Source "ChessBase"]
[SourceDate "2009.07.02"]
[SourceVersion "2"]
[SourceVersionDate "2009.07.15"]
[SourceQuality "1"]

1. e4 e5 2. Nf3 Nc6 3. Bc4 Nf6 4. d3 Be7 5. 0-0 d6 6. h3 Na5 7. Bb3 Nxb3 8. axb3 0-0 9. Be3 a6 10. Nfd2 d5 11. Bg5 c6 12. Nc3 h6 13. Bh4 Be6 14. Bg3 Nd7 15. f4 exf4 16. Bxf4 dxe4 17. Ndxe4 Nc5 18. Be3 Nxe4 19. Nxe4 b6 20. Qh5 Qd5 21. Qxd5 cxd5 22. Nc3 b5 23. Ne2 Rfe8 24. Bd4 Rec8 25. c3 a5 26. Nf4 b4 27. Nxe6 fxe6 28. Rae1 Ra6 29. Re3 Bc5 30. Bxc5 Rxc5 31. c4 dxc4 32. dxc4 Rd6 33. Rfe1 Rd2 34. Rxe6 Rxb2 35. R6e5 1/2-1/2

[Event "JOR-ch"]
[Site "Amman"]
[Date "2009.04.24"]
[Round "5"]
[White "Malkawi, Fadi"]
[Black "Aboudi, Marwan"]
[Result "1-0"]
[WhiteElo "2105"]
[BlackElo "2176"]
[PlyCount "67"]
[EventDate "2009.04.09"]
[EventType "swiss"]
[EventRounds "9"]
[EventCountry "JOR"]
[SourceTitle "CBM 130 Extra"]
[Source "ChessBase"]
[SourceDate "2009.07.02"]
[SourceVersion "2"]
[SourceVersionDate "2009.07.15"]
[SourceQuality "1"]

1. e4 c5 2. Nf3 Nc6 3. Bb5 Nd4 4. Nxd4 cxd4 5. 0-0 g6 6. d3 Bg7 7. c3 dxc3 8. Nxc3 e6 9. d4 a6 10. Ba4 b5 11. Bc2 d6 12. a3 Ne7 13. Bg5 h6 14. Bxe7 Qxe7 15. Qd2 0-0 16. Ne2 Bb7 17. Rac1 Rac8 18. Bb1 Rc7 19. Rxc7 Qxc7 20. Rc1 Qb6 21. b4 Ra8 22. Kh1 a5 23. f4 axb4 24. axb4 f5 25. d5 Ra1 26. dxe6 fxe4 27. Nc3 e3 28. Qd3 Qc6 29. Qxg6 Qxg2+ 30. Qxg2 Bxg2+ 31. Kxg2 Bxc3 32. Rxc3 e2 33. Re3 Rxb1 34. e7 1-0

[Event "JOR-ch"]
[Site "Amman"]
[Date "2009.04.09"]
[Round "1"]
[White "Mohannad, Farhan"]
[Black "Malkawi, Fadi"]
[Result "1-0"]
[WhiteElo "2284"]
[BlackElo "2105"]
[PlyCount "109"]
[EventDate "2009.04.09"]
[EventType "swiss"]
[EventRounds "9"]
[EventCountry "JOR"]
[SourceTitle "CBM 130 Extra"]
[Source "ChessBase"]
[SourceDate "2009.07.02"]
[SourceVersion "2"]
[SourceVersionDate "2009.07.15"]
[SourceQuality "1"]

1. d4 d5 2. c4 Nc6 3. Nf3 Bg4 4. e3 e6 5. cxd5 Bxf3 6. Qxf3 Qxd5 7. Nc3 Qxf3 8. gxf3 a6 9. Bg2 Nf6 10. 0-0 h5 11. f4 h4 12. h3 Rd8 13. Bd2 Rg8 14. Rac1 g5 15. fxg5 Rxg5 16. Kh1 Rg6 17. Na4 Bd6 18. Nc5 Bxc5 19. Rxc5 Kd7 20. Rfc1 Rdg8 21. Bf3 Kc8 22. b4 Nd7 23. R5c2 Kb8 24. a4 Rf6 25. Bxc6 bxc6 26. Rg1 Rxg1+ 27. Kxg1 Kb7 28. Be1 e5 29. dxe5 Nxe5 30. Kf1 Nf3 31. Rc4 Nxe1 32. Kxe1 Rh6 33. Rf4 f6 34. Rf5 Rg6 35. Rh5 Rg5 36. Rxh4 c5 37. bxc5 Rxc5 38. Rf4 f5 39. h4 Rc1+ 40. Ke2 Rh1 41. Kf3 Kb6 42. Kg2 Rc1 43. h5 Rc6 44. Rxf5 Rh6 45. Rg5 c6 46. a5+ Kc7 47. Kg3 Rh7 48. Kg4 Kd6 49. Rg6+ Kd5 50. h6 Kc5 51. Kh5 Kb5 52. Rg5+ Kb4 53. Kg6 Rh8 54. h7 Rc8 55. Rh5 1-0

[Event "JOR-ch sf"]
[Site "Amman"]
[Date "2009.04.03"]
[Round "7"]
[White "Malkawi, Fadi"]
[Black "Taher, Ali"]
[Result "1/2-1/2"]
[WhiteElo "2105"]
[BlackElo "1963"]
[PlyCount "61"]
[EventDate "2009.03.26"]
[EventType "swiss"]
[EventRounds "9"]
[EventCountry "JOR"]
[SourceTitle "EXT 2022"]
[Source "ChessBase"]
[SourceDate "2021.10.06"]
[SourceVersion "1"]
[SourceVersionDate "2021.10.06"]
[SourceQuality "1"]

1. Nf3 d5 2. g3 c5 3. d3 Nf6 4. Bg2 e6 5. 0-0 Be7 6. Nbd2 Nc6 7. e4 0-0 8. Ne1 d4 9. f4 Rb8 10. g4 e5 11. f5 Ne8 12. Nef3 b5 13. b3 Nd6 14. Ba3 Nb7 15. Qe1 Qa5 16. Bb2 Nb4 17. Qc1 Qd8 18. Nxe5 Bd6 19. Nef3 f6 20. a3 Nc6 21. Qe1 Nba5 22. Kh1 Ba6 23. Qh4 Bf4 24. Qf2 Be3 25. Qe2 c4 26. b4 Nb7 27. c3 dxc3 28. Qxe3 cxb2 29. Rab1 c3 30. Nb3 Ne5 31. d4 1/2-1/2

[Event "Arab Cities-chT 5th"]
[Site "Beirut"]
[Date "2007.04.15"]
[Round "9"]
[White "Malkawi, Fadi"]
[Black "Al Hadarani, Hatim"]
[Result "1/2-1/2"]
[WhiteElo "2148"]
[BlackElo "2260"]
[PlyCount "139"]
[EventDate "2007.04.08"]
[EventType "team"]
[EventRounds "9"]
[EventCountry "LBN"]
[SourceTitle "CBM 117 Extra"]
[Source "ChessBase"]
[SourceDate "2007.05.09"]
[SourceVersion "1"]
[SourceVersionDate "2007.05.09"]
[SourceQuality "1"]

1. e4 c5 2. Nf3 a6 3. d4 cxd4 4. Nxd4 e5 5. Nb3 d6 6. Nc3 Be7 7. Be2 Nf6 8. 0-0 0-0 9. Be3 b5 10. Nd5 Nc6 11. Nb6 Rb8 12. Nxc8 Qxc8 13. Bf3 h6 14. g3 Qe6 15. Qd2 Qc4 16. Rfe1 Rfc8 17. Na5 Nxa5 18. Qxa5 Rc6 19. Bg2 Qe6 20. Qd2 Rbc8 21. c3 Rc4 22. Qd3 Nd7 23. Qd5 Nf6 24. Qd3 Bd8 25. Rad1 R4c6 26. a3 Be7 27. Bc1 Rb8 28. Be3 Bd8 29. h3 Kf8 30. Bc1 Bb6 31. Be3 Ba5 32. Bc1 Qb3 33. Qf3 Ke7 34. Qd3 Bb6 35. Re2 Rd8 36. Qc2 Qe6 37. Qd3 Rc4 38. Be3 Ba5 39. Bc1 Qc8 40. Be3 Qc6 41. Bd2 Qb7 42. Bc1 Qc7 43. Be3 Rc8 44. Bd2 Rc6 45. Be3 Qd7 46. Bd2 Qe6 47. Be3 Bc7 48. Bc1 Rc4 49. Be3 Qd7 50. Bc1 Bb8 51. Bd2 Qb7 52. Bc1 Rd8 53. Ree1 Qc6 54. Be3 Qc7 55. Bc1 Rc8 56. Be3 Qa5 57. Re2 Qc7 58. Ree1 Rc6 59. Re2 Ba7 60. Bc1 Nd7 61. Qf3 Nf6 62. Qd3 Rd8 63. Qf3 Qc8 64. Qd3 Qe6 65. Red2 Bb6 66. Re2 Qc8 67. Red2 Kf8 68. Qf3 Qc7 69. Re2 Rc8 70. Qd3 1/2-1/2

[Event "Arab Cities-chT 5th"]
[Site "Beirut"]
[Date "2007.04.09"]
[Round "2"]
[White "Mahdia, Farage"]
[Black "Malkawi, Fadi"]
[Result "1/2-1/2"]
[WhiteElo "2175"]
[BlackElo "2148"]
[PlyCount "52"]
[EventDate "2007.04.08"]
[EventType "team"]
[EventRounds "9"]
[EventCountry "LBN"]
[SourceTitle "CBM 117 Extra"]
[Source "ChessBase"]
[SourceDate "2007.05.09"]
[SourceVersion "1"]
[SourceVersionDate "2007.05.09"]
[SourceQuality "1"]

1. e4 c5 2. Nf3 g6 3. d4 cxd4 4. Nxd4 Bg7 5. Nc3 Nc6 6. Be3 Nf6 7. Be2 0-0 8. Nxc6 bxc6 9. 0-0 d5 10. e5 Nd7 11. f4 Nb6 12. Bc5 Re8 13. a4 Nd7 14. Bf2 a5 15. Kh1 e6 16. Qd2 Rb8 17. b3 f6 18. exf6 Qxf6 19. Na2 e5 20. fxe5 Qxe5 21. Rae1 Qb2 22. Bg4 Rxe1 23. Qxe1 Ne5 24. Bxc8 Rxc8 25. Qb1 Qxb1 26. Rxb1 c5 1/2-1/2

[Event "Asia Cities-ch 12th"]
[Site "Beirut"]
[Date "2000.03.25"]
[Round "9"]
[White "Hakki, Imad"]
[Black "Malkawi, Fadi"]
[Result "1-0"]
[WhiteElo "2405"]
[BlackElo "2038"]
[PlyCount "48"]
[EventDate "2000.03.19"]
[EventType "team-swiss"]
[EventRounds "9"]
[EventCountry "LBN"]
[SourceTitle "EXT 2020"]
[Source "ChessBase"]
[SourceDate "2019.10.17"]
[SourceVersion "1"]
[SourceVersionDate "2019.10.17"]
[SourceQuality "1"]
[WhiteTeam "Damascus"]
[BlackTeam "Amman"]
[WhiteTeamCountry "SYR"]
[BlackTeamCountry "JOR"]

1. e4 e5 2. Nf3 Nc6 3. Bb5 Nd4 4. Nxd4 exd4 5. 0-0 c6 6. Bc4 Nf6 7. Re1 d6 8. c3 dxc3 9. Nxc3 Be7 10. d4 0-0 11. Bd3 h6 12. h3 Be6 13. f4 Qb6 14. f5 Bd7 15. Bc2 Ne8 16. Be3 Qd8 17. e5 Bg5 18. e6 fxe6 19. fxe6 Bxe3+ 20. Rxe3 Qf6 21. Qd3 Bxe6 22. Qh7+ Kf7 23. Rf1 Qxf1+ 24. Kxf1 Ke7+ 1-0